000 00666nam a2200157 a 4500
008 100901s1965 ||||||||||||||||| || u
050 _aHD 9506 Cop
110 _aCopper Industry Service Buruea
245 1 0 _aCopperbelt of Zambia: mining industry year book 1965
_cCopper Industry Service Buruea
260 _aKitwe
_bCopper Industry Service Buruea
_c1965
300 _a84p.: ill.
350 _a0.00
650 _aMINING
650 _aCOPPER INDUSTRY AND TRADE--ZAMBIA--PERIODICALS
995 _D0.00
_FCBU-MAIN LIBRARY (Kitwe)
_H1
_I0.00
_M1
_ULOST
_VMar 11, 2013
_WSep 1, 2010
_ZMain Library Open Access Collection
999 _c38789
_d38789